00346nam a2200133Ia 450000500170000000800410001704100080005808200150006610000190008124500480010026000380014830000090018665000170019520250729165342.0250729s2005 xx 000 0 und d aeng a370.3 SHAE aSharma Promila aEncyclopedia of Comparive Education Vol - V aNew DelhibA P H Publishingc2005 a336p aEncyclopedia